<?xml version="1.0" encoding="UTF-8"?>
<record
    xmlns:xsi="http://www.w3.org/2001/XMLSchema-instance"
    xsi:schemaLocation="http://www.loc.gov/MARC21/slim http://www.loc.gov/standards/marcxml/schema/MARC21slim.xsd"
    xmlns="http://www.loc.gov/MARC21/slim">

  <leader>00858nam a22001577a 4500</leader>
  <controlfield tag="003">OSt</controlfield>
  <controlfield tag="005">20151106151631.0</controlfield>
  <controlfield tag="008">151106b        xxu||||| |||| 00| 0 eng d</controlfield>
  <datafield tag="040" ind1=" " ind2=" ">
    <subfield code="c">RUA </subfield>
  </datafield>
  <datafield tag="082" ind1=" " ind2=" ">
    <subfield code="a">FOR LY 2001 B127 Or.1</subfield>
  </datafield>
  <datafield tag="100" ind1=" " ind2=" ">
    <subfield code="9">3458</subfield>
    <subfield code="a">LY SOPHEA</subfield>
  </datafield>
  <datafield tag="245" ind1=" " ind2=" ">
    <subfield code="a">The study on bioenergy consumppion in cgfp pilot erea, ausamrae village, ksem ksan commune, oudong district, kompong speu, &#x1780;&#x17B6;&#x179A;&#x179F;&#x17B7;&#x1780;&#x17D2;&#x179F;&#x17B6;&#x1791;&#x17C5;&#x179B;&#x17BE;&#x1780;&#x17B6;&#x179A;&#x1794;&#x17D2;&#x179A;&#x17BE;&#x1794;&#x17D2;&#x179A;&#x17B6;&#x179F;&#x17CB;&#x200B; Biomass &#x1787;&#x17B6;&#x1794;&#x17D2;&#x179A;&#x1797;&#x1796;&#x1790;&#x17B6;&#x1798;&#x1796;&#x179B;&#x1780;&#x17D2;&#x1793;&#x17BB;&#x1784;&#x178F;&#x17C6;&#x1794;&#x1793;&#x17CB;&#x1796;&#x17B7;&#x179F;&#x17C4;&#x1792;&#x1793;&#x17CD;&#x179A;&#x1794;&#x179F;&#x17CB;&#x1782;&#x17C6;&#x179A;&#x17C4;&#x1784; Cgfp &#x1797;&#x17BC;&#x1798;&#x17B7;&#x17A2;&#x17BC;&#x179A;&#x179F;&#x17C6;&#x179A;&#x17C9;&#x17C2; &#x1783;&#x17BB;&#x17C6;&#x1780;&#x17D2;&#x179F;&#x17C1;&#x1798;&#x1780;&#x17D2;&#x179F;&#x17B6;&#x1793;&#x17D2;&#x178F; &#x179F;&#x17D2;&#x179A;&#x17BB;&#x1780;&#x17A7;&#x178F;&#x17D2;&#x178F;&#x17BB;&#x1784;&#x17D2;&#x1782; &#x1781;&#x17C1;&#x178F;&#x17D2;&#x178F;&#x1780;&#x17C6;&#x1796;&#x1784;&#x17CB;&#x179F;&#x17D2;&#x1796;&#x17BA;, </subfield>
  </datafield>
  <datafield tag="260" ind1=" " ind2=" ">
    <subfield code="a">Phnom Penh </subfield>
    <subfield code="b">RUA </subfield>
    <subfield code="c">2001</subfield>
  </datafield>
  <datafield tag="300" ind1=" " ind2=" ">
    <subfield code="a">64p.</subfield>
    <subfield code="b">ill.</subfield>
    <subfield code="c">29cm.</subfield>
  </datafield>
  <datafield tag="942" ind1=" " ind2=" ">
    <subfield code="2">ddc</subfield>
    <subfield code="c">FOR</subfield>
  </datafield>
  <datafield tag="999" ind1=" " ind2=" ">
    <subfield code="c">3228</subfield>
    <subfield code="d">3228</subfield>
  </datafield>
  <datafield tag="952" ind1=" " ind2=" ">
    <subfield code="0">0</subfield>
    <subfield code="1">0</subfield>
    <subfield code="2">ddc</subfield>
    <subfield code="4">0</subfield>
    <subfield code="6">FOR_LY_2001_000000000000000_B127_OR_1</subfield>
    <subfield code="7">0</subfield>
    <subfield code="9">15139</subfield>
    <subfield code="a">LBB</subfield>
    <subfield code="b">LBB</subfield>
    <subfield code="c">B127</subfield>
    <subfield code="d">2015-11-06</subfield>
    <subfield code="o">FOR LY 2001 B127 Or.1</subfield>
    <subfield code="p">RUA031324</subfield>
    <subfield code="r">2015-11-06</subfield>
    <subfield code="w">2015-11-06</subfield>
    <subfield code="y">FOR</subfield>
  </datafield>
  <datafield tag="952" ind1=" " ind2=" ">
    <subfield code="0">0</subfield>
    <subfield code="1">0</subfield>
    <subfield code="2">ddc</subfield>
    <subfield code="4">0</subfield>
    <subfield code="6">FOR_LY_2001_000000000000000_B127_OR_2</subfield>
    <subfield code="7">0</subfield>
    <subfield code="9">15140</subfield>
    <subfield code="a">LBB</subfield>
    <subfield code="b">LBB</subfield>
    <subfield code="d">2015-11-06</subfield>
    <subfield code="o">FOR LY 2001 B127 Or.2</subfield>
    <subfield code="p">RUA031235</subfield>
    <subfield code="r">2015-11-06</subfield>
    <subfield code="w">2015-11-06</subfield>
    <subfield code="y">FOR</subfield>
  </datafield>
  <datafield tag="952" ind1=" " ind2=" ">
    <subfield code="0">0</subfield>
    <subfield code="1">0</subfield>
    <subfield code="2">ddc</subfield>
    <subfield code="4">0</subfield>
    <subfield code="6">FOR_LY_2001_000000000000000_B127_OR_3</subfield>
    <subfield code="7">0</subfield>
    <subfield code="9">15141</subfield>
    <subfield code="a">LBB</subfield>
    <subfield code="b">LBB</subfield>
    <subfield code="d">2015-11-06</subfield>
    <subfield code="o">FOR LY 2001 B127 Or.3</subfield>
    <subfield code="p">RUA031623</subfield>
    <subfield code="r">2015-11-06</subfield>
    <subfield code="w">2015-11-06</subfield>
    <subfield code="y">FOR</subfield>
  </datafield>
  <datafield tag="952" ind1=" " ind2=" ">
    <subfield code="0">0</subfield>
    <subfield code="1">0</subfield>
    <subfield code="2">ddc</subfield>
    <subfield code="4">0</subfield>
    <subfield code="6">FOR_LY_2001_000000000000000_B127_OR_4</subfield>
    <subfield code="7">0</subfield>
    <subfield code="9">15142</subfield>
    <subfield code="a">LBB</subfield>
    <subfield code="b">LBB</subfield>
    <subfield code="d">2015-11-06</subfield>
    <subfield code="o">FOR LY 2001 B127 Or.4</subfield>
    <subfield code="p">RUA031491</subfield>
    <subfield code="r">2015-11-06</subfield>
    <subfield code="w">2015-11-06</subfield>
    <subfield code="y">FOR</subfield>
  </datafield>
  <datafield tag="952" ind1=" " ind2=" ">
    <subfield code="0">0</subfield>
    <subfield code="1">0</subfield>
    <subfield code="2">ddc</subfield>
    <subfield code="4">0</subfield>
    <subfield code="6">FOR_LY_2001_000000000000000_B127_OR_5</subfield>
    <subfield code="7">0</subfield>
    <subfield code="9">15146</subfield>
    <subfield code="a">LBB</subfield>
    <subfield code="b">LBB</subfield>
    <subfield code="d">2015-11-06</subfield>
    <subfield code="o">FOR LY 2001 B127 Or.5</subfield>
    <subfield code="p">RUA031081</subfield>
    <subfield code="r">2015-11-06</subfield>
    <subfield code="w">2015-11-06</subfield>
    <subfield code="y">FOR</subfield>
  </datafield>
  <datafield tag="952" ind1=" " ind2=" ">
    <subfield code="0">0</subfield>
    <subfield code="1">0</subfield>
    <subfield code="2">ddc</subfield>
    <subfield code="4">0</subfield>
    <subfield code="6">FOR_LY_2001_000000000000000_B127_OR_6</subfield>
    <subfield code="7">0</subfield>
    <subfield code="9">15147</subfield>
    <subfield code="a">LBB</subfield>
    <subfield code="b">LBB</subfield>
    <subfield code="d">2015-11-06</subfield>
    <subfield code="o">FOR LY 2001 B127 Or.6</subfield>
    <subfield code="p">RUA031624</subfield>
    <subfield code="r">2015-11-06</subfield>
    <subfield code="w">2015-11-06</subfield>
    <subfield code="y">FOR</subfield>
  </datafield>
</record>
